<?xml version="1.0" encoding="UTF-8"?>
<record
    xmlns:xsi="http://www.w3.org/2001/XMLSchema-instance"
    xsi:schemaLocation="http://www.loc.gov/MARC21/slim http://www.loc.gov/standards/marcxml/schema/MARC21slim.xsd"
    xmlns="http://www.loc.gov/MARC21/slim">

  <leader>00593nam a22001577a 4500</leader>
  <controlfield tag="003">OSt</controlfield>
  <controlfield tag="005">20151025141342.0</controlfield>
  <controlfield tag="008">151025b        xxu||||| |||| 00| 0 eng d</controlfield>
  <datafield tag="040" ind1=" " ind2=" ">
    <subfield code="c">RUA</subfield>
  </datafield>
  <datafield tag="082" ind1=" " ind2=" ">
    <subfield code="a">AVM SOK 2013 B109  Or.1</subfield>
  </datafield>
  <datafield tag="100" ind1=" " ind2=" ">
    <subfield code="9">2865</subfield>
    <subfield code="a">SOK, LYKHENG.</subfield>
  </datafield>
  <datafield tag="245" ind1=" " ind2=" ">
    <subfield code="a">The survey of veterinary market at keansvay district kandal province, &#x1780;&#x17B6;&#x179A;&#x17A2;&#x1784;&#x17D2;&#x1780;&#x17C1;&#x178F;&#x1791;&#x17C5;&#x179B;&#x17BE;&#x1791;&#x17B8;&#x1795;&#x17D2;&#x179F;&#x17B6;&#x179A;&#x1794;&#x179F;&#x17BB;&#x17B1;&#x179F;&#x1790; &#x1793;&#x17C5;&#x179F;&#x17D2;&#x179A;&#x17BB;&#x1780;&#x1782;&#x17C0;&#x1793;&#x179F;&#x17D2;&#x179C;&#x17B6;&#x1799; &#x1781;&#x17C1;&#x178F;&#x17D2;&#x178F;&#x1780;&#x178E;&#x17D2;&#x178A;&#x17B6;&#x179B;</subfield>
  </datafield>
  <datafield tag="260" ind1=" " ind2=" ">
    <subfield code="a">Phnom Penh</subfield>
    <subfield code="b">RUA</subfield>
    <subfield code="c">2013</subfield>
  </datafield>
  <datafield tag="300" ind1=" " ind2=" ">
    <subfield code="a">ix; 43p.</subfield>
    <subfield code="b">ill.</subfield>
    <subfield code="c">29cm.</subfield>
  </datafield>
  <datafield tag="942" ind1=" " ind2=" ">
    <subfield code="2">ddc</subfield>
    <subfield code="c">AVM</subfield>
  </datafield>
  <datafield tag="999" ind1=" " ind2=" ">
    <subfield code="c">2683</subfield>
    <subfield code="d">2683</subfield>
  </datafield>
  <datafield tag="952" ind1=" " ind2=" ">
    <subfield code="0">0</subfield>
    <subfield code="1">0</subfield>
    <subfield code="2">ddc</subfield>
    <subfield code="4">0</subfield>
    <subfield code="6">AVM_SOK_2013_000000000000000_B109_OR_1</subfield>
    <subfield code="7">0</subfield>
    <subfield code="9">12679</subfield>
    <subfield code="a">LBB</subfield>
    <subfield code="b">LBB</subfield>
    <subfield code="c">B109</subfield>
    <subfield code="d">2015-10-25</subfield>
    <subfield code="o">AVM SOK 2013 B109  Or.1</subfield>
    <subfield code="p">RUA018163</subfield>
    <subfield code="r">2015-10-25</subfield>
    <subfield code="w">2015-10-25</subfield>
    <subfield code="y">AVM</subfield>
  </datafield>
  <datafield tag="952" ind1=" " ind2=" ">
    <subfield code="0">0</subfield>
    <subfield code="1">0</subfield>
    <subfield code="2">ddc</subfield>
    <subfield code="4">0</subfield>
    <subfield code="6">AVM_SOK_2013_000000000000000_B109_OR_2</subfield>
    <subfield code="7">0</subfield>
    <subfield code="9">12680</subfield>
    <subfield code="a">LBB</subfield>
    <subfield code="b">LBB</subfield>
    <subfield code="c">B109</subfield>
    <subfield code="d">2015-10-25</subfield>
    <subfield code="o">AVM SOK 2013 B109  Or.2</subfield>
    <subfield code="p">RUA018235</subfield>
    <subfield code="r">2015-10-25</subfield>
    <subfield code="w">2015-10-25</subfield>
    <subfield code="y">AVM</subfield>
  </datafield>
  <datafield tag="952" ind1=" " ind2=" ">
    <subfield code="0">0</subfield>
    <subfield code="1">0</subfield>
    <subfield code="2">ddc</subfield>
    <subfield code="4">0</subfield>
    <subfield code="6">AVM_SOK_2013_000000000000000_B109_OR_3</subfield>
    <subfield code="7">0</subfield>
    <subfield code="9">12681</subfield>
    <subfield code="a">LBB</subfield>
    <subfield code="b">LBB</subfield>
    <subfield code="c">B109</subfield>
    <subfield code="d">2015-10-25</subfield>
    <subfield code="o">AVM SOK 2013 B109  Or.3</subfield>
    <subfield code="p">RUA009796</subfield>
    <subfield code="r">2015-10-25</subfield>
    <subfield code="w">2015-10-25</subfield>
    <subfield code="y">AVM</subfield>
  </datafield>
  <datafield tag="952" ind1=" " ind2=" ">
    <subfield code="0">0</subfield>
    <subfield code="1">0</subfield>
    <subfield code="2">ddc</subfield>
    <subfield code="4">0</subfield>
    <subfield code="6">AVM_SOK_2013_000000000000000_B109_OR_4</subfield>
    <subfield code="7">0</subfield>
    <subfield code="9">12682</subfield>
    <subfield code="a">LBB</subfield>
    <subfield code="b">LBB</subfield>
    <subfield code="c">B109</subfield>
    <subfield code="d">2015-10-25</subfield>
    <subfield code="o">AVM SOK 2013 B109  Or.4</subfield>
    <subfield code="p">RUA009655</subfield>
    <subfield code="r">2015-10-25</subfield>
    <subfield code="w">2015-10-25</subfield>
    <subfield code="y">AVM</subfield>
  </datafield>
  <datafield tag="952" ind1=" " ind2=" ">
    <subfield code="0">0</subfield>
    <subfield code="1">0</subfield>
    <subfield code="2">ddc</subfield>
    <subfield code="4">0</subfield>
    <subfield code="6">AVM_SOK_2013_000000000000000_B109_OR_5</subfield>
    <subfield code="7">0</subfield>
    <subfield code="9">12683</subfield>
    <subfield code="a">LBB</subfield>
    <subfield code="b">LBB</subfield>
    <subfield code="c">B109</subfield>
    <subfield code="d">2015-10-25</subfield>
    <subfield code="o">AVM SOK 2013 B109  Or.5</subfield>
    <subfield code="p">RUA009727</subfield>
    <subfield code="r">2015-10-25</subfield>
    <subfield code="w">2015-10-25</subfield>
    <subfield code="y">AVM</subfield>
  </datafield>
  <datafield tag="952" ind1=" " ind2=" ">
    <subfield code="0">0</subfield>
    <subfield code="1">0</subfield>
    <subfield code="2">ddc</subfield>
    <subfield code="4">0</subfield>
    <subfield code="6">AVM_SOK_2013_000000000000000_B109_OR_6</subfield>
    <subfield code="7">0</subfield>
    <subfield code="9">12684</subfield>
    <subfield code="a">LBB</subfield>
    <subfield code="b">LBB</subfield>
    <subfield code="c">B109</subfield>
    <subfield code="d">2015-10-25</subfield>
    <subfield code="o">AVM SOK 2013 B109  Or.6</subfield>
    <subfield code="p">RUA009799</subfield>
    <subfield code="r">2015-10-25</subfield>
    <subfield code="w">2015-10-25</subfield>
    <subfield code="y">AVM</subfield>
  </datafield>
  <datafield tag="952" ind1=" " ind2=" ">
    <subfield code="0">0</subfield>
    <subfield code="1">0</subfield>
    <subfield code="2">ddc</subfield>
    <subfield code="4">0</subfield>
    <subfield code="6">AVM_SOK_2013_000000000000000_B109_OR_7</subfield>
    <subfield code="7">0</subfield>
    <subfield code="9">12685</subfield>
    <subfield code="a">LBB</subfield>
    <subfield code="b">LBB</subfield>
    <subfield code="c">B109</subfield>
    <subfield code="d">2015-10-25</subfield>
    <subfield code="o">AVM SOK 2013 B109  Or.7</subfield>
    <subfield code="p">RUA009649</subfield>
    <subfield code="r">2015-10-25</subfield>
    <subfield code="w">2015-10-25</subfield>
    <subfield code="y">AVM</subfield>
  </datafield>
  <datafield tag="952" ind1=" " ind2=" ">
    <subfield code="0">0</subfield>
    <subfield code="1">0</subfield>
    <subfield code="2">ddc</subfield>
    <subfield code="4">0</subfield>
    <subfield code="6">AVM_SOK_2013_000000000000000_B109_OR_8</subfield>
    <subfield code="7">0</subfield>
    <subfield code="9">12686</subfield>
    <subfield code="a">LBB</subfield>
    <subfield code="b">LBB</subfield>
    <subfield code="c">B109</subfield>
    <subfield code="d">2015-10-25</subfield>
    <subfield code="o">AVM SOK 2013 B109  Or.8</subfield>
    <subfield code="p">RUA009721</subfield>
    <subfield code="r">2015-10-25</subfield>
    <subfield code="w">2015-10-25</subfield>
    <subfield code="y">AVM</subfield>
  </datafield>
  <datafield tag="952" ind1=" " ind2=" ">
    <subfield code="0">0</subfield>
    <subfield code="1">0</subfield>
    <subfield code="2">ddc</subfield>
    <subfield code="4">0</subfield>
    <subfield code="6">AVM_SOK_2013_000000000000000_B1_238_OR_1</subfield>
    <subfield code="7">0</subfield>
    <subfield code="9">79210</subfield>
    <subfield code="a">LBB</subfield>
    <subfield code="b">LBB</subfield>
    <subfield code="c">B1.238</subfield>
    <subfield code="d">2019-06-29</subfield>
    <subfield code="o">AVM SOK 2013 B1.238  Or.1</subfield>
    <subfield code="p">A35806</subfield>
    <subfield code="r">2019-06-29</subfield>
    <subfield code="w">2019-06-29</subfield>
    <subfield code="y">AVM</subfield>
  </datafield>
  <datafield tag="952" ind1=" " ind2=" ">
    <subfield code="0">0</subfield>
    <subfield code="1">0</subfield>
    <subfield code="2">ddc</subfield>
    <subfield code="4">0</subfield>
    <subfield code="6">AVM_SOK_2013_000000000000000_B1_238_OR_1</subfield>
    <subfield code="7">0</subfield>
    <subfield code="9">79213</subfield>
    <subfield code="a">LBB</subfield>
    <subfield code="b">LBB</subfield>
    <subfield code="c">B1.238</subfield>
    <subfield code="d">2019-06-29</subfield>
    <subfield code="o">AVM SOK 2013 B1.238  Or.1</subfield>
    <subfield code="p">A35688</subfield>
    <subfield code="r">2019-06-29</subfield>
    <subfield code="w">2019-06-29</subfield>
    <subfield code="y">AVM</subfield>
  </datafield>
</record>
